Đổi mới hình thức tổ chức các hoạt động giáo dục trẻ mẫu giáo Theo hướng tích hợp chủ đề

محفوظ في:
التفاصيل البيبلوغرافية
المؤلف الرئيسي: Phạm, Mai Chi
التنسيق: كتاب
منشور في: H. Giáo dục
الوسوم: إضافة وسم
لا توجد وسوم, كن أول من يضع وسما على هذه التسجيلة!
Thư viện lưu trữ: Trung tâm Học liệu Lê Vũ Hùng, Trường Đại học Đồng Tháp
LEADER 00669pam a22001698a 4500
001 00038188
008 170515s ||||||Viesd
005 20171026081023.0
041 0 # |a Vie 
082 1 4 |a 372.21  |b Đ452M 
100 1 # |a Phạm, Mai Chi 
245 1 0 |a Đổi mới hình thức tổ chức các hoạt động giáo dục trẻ mẫu giáo  |b Theo hướng tích hợp chủ đề  |c Phạm Mai Chi...[và những người khác] 
260 # # |a H.  |b Giáo dục 
300 # # |a 123 tr.  |c 24 cm 
852 # # |b Kho đọc  |j KD.1000897 
910 |d 15/05/2017 
980 # # |a Trung tâm Học liệu Lê Vũ Hùng, Trường Đại học Đồng Tháp